000 00304nam a2200133Ia 4500
008 221030s9999 xx 000 0 und d
041 _aEnglish
082 _a105.23
100 _aK. C. Loudon
245 0 _aManagement Information Systems
_cby K. C. Loudon
260 _c0
650 _aMb
942 _cBK
999 _c10900
_d10900